Päťročnici zdar pochodová pieseň /

Saved in:
Bibliographic Details
Main Author: Alvín, František, 1898-1968 (Composer)
Other Authors: Pöschl, Ján, 1890-1961
Format: Musical Score
Language:Slovak
Published: Bratislava : Slovenské hudobné vydavateľstvo, 1950.
Edition:1. vyd.
Series:Dychová hudba SHV
ISBN: (brož.)
Physical Description: Rôzne stránkovanie.
Tags: Add Tag
No Tags, Be the first to tag this record!

MARC

LEADER 00000ncm a22000002a 4500
001 000539607
005 20170508203112.0
008 090925s1950 xr f slo d
020 |a (brož.)  |c Kčs 30,00 
040 |a SVKKK  |b slo  |c SVKKK  |e AACR2 
041 0 |a slo 
043 |a e-xo--- 
044 |a xo  |c SK 
100 1 |a Alvín, František,  |d 1898-1968  |4 cmp 
245 1 0 |a Päťročnici zdar  |h [hudebnina] :  |b pochodová pieseň /  |c František Alvin. Už vyšlo slnko : pochod / Ján Pöschl. 
250 |a 1. vyd. 
260 |a Bratislava :  |b Slovenské hudobné vydavateľstvo,  |c 1950. 
300 |a Rôzne stránkovanie. 
490 1 |a Dychová hudba SHV 
700 1 |a Pöschl, Ján,  |d 1890-1961  |t Už vyšlo slnko 
830 0 |a Dychová hudba SHV 
910 |a svkkk 
998 |a MU 
090 |g SCKHL  |k Sklad Pribinova prízemie  |a I.4304  |j 74674  |i 2720321582  |s Prezenčne